|
|
|
|
| LEADER |
00000cam a22000004a 4500 |
| 001 |
musev2_49304 |
| 003 |
MdBmJHUP |
| 005 |
20230905045125.0 |
| 006 |
m o d |
| 007 |
cr||||||||nn|n |
| 008 |
160323s2016 txu o 00 0 eng d |
| 010 |
|
|
|z 2016014194
|
| 020 |
|
|
|a 9781623494391
|
| 020 |
|
|
|z 9781623494384
|
| 020 |
|
|
|z 1623494397
|
| 035 |
|
|
|a (OCoLC)966803411
|
| 040 |
|
|
|a MdBmJHUP
|c MdBmJHUP
|
| 100 |
1 |
|
|a McManamon, John M.,
|e author.
|
| 245 |
1 |
0 |
|a Caligula's Barges and the Renaissance Origins of Nautical Archaeology under Water /
|c John M. McManamon.
|
| 250 |
|
|
|a First edition.
|
| 264 |
|
1 |
|a College Station :
|b Texas A & M University Press,
|c [2016]
|
| 264 |
|
3 |
|a Baltimore, Md. :
|b Project MUSE,
|c 2017
|
| 264 |
|
4 |
|c ©[2016]
|
| 300 |
|
|
|a 1 online resource (368 pages).
|
| 336 |
|
|
|a text
|b txt
|2 rdacontent
|
| 337 |
|
|
|a computer
|b c
|2 rdamedia
|
| 338 |
|
|
|a online resource
|b cr
|2 rdacarrier
|
| 490 |
0 |
|
|a Ed Rachal Foundation nautical archaeology series
|
| 505 |
0 |
|
|a From salvage to archaeology -- The humanist salvor -- The humanist intermediary -- The humanist commentator -- Quattrocento humanist archaeology -- Cinquecento engineers and a diving bell -- The social world -- The proprietor cardinal -- Dependent workers -- Inventive professionals -- Contextualization and conceptualization -- Ancient ship types analyzed and reborn -- Ferrara's moment, 1533-1568 -- New arts and new opportunities.
|
| 588 |
|
|
|a Description based on print version record.
|
| 650 |
|
7 |
|a Underwater archaeology.
|2 fast
|0 (OCoLC)fst01161071
|
| 650 |
|
7 |
|a Ships, Ancient.
|2 fast
|0 (OCoLC)fst01116618
|
| 650 |
|
7 |
|a Excavations (Archaeology)
|2 fast
|0 (OCoLC)fst00917564
|
| 650 |
|
7 |
|a Deep diving
|x Equipment and supplies.
|2 fast
|0 (OCoLC)fst00889481
|
| 650 |
|
7 |
|a Deep diving.
|2 fast
|0 (OCoLC)fst00889476
|
| 650 |
|
7 |
|a Antiquities.
|2 fast
|0 (OCoLC)fst00810745
|
| 650 |
|
6 |
|a Archeologie sous-marine
|z Italie
|x Histoire.
|
| 650 |
|
6 |
|a Plongee sous-marine
|x Appareils et materiel.
|
| 650 |
|
6 |
|a Plongee sous-marine
|z Italie
|z Nemi, Lac de
|x Histoire.
|
| 650 |
|
6 |
|a Navires anciens
|z Italie
|z Nemi, Lac de.
|
| 650 |
|
0 |
|a Underwater archaeology
|z Italy
|x History.
|
| 650 |
|
0 |
|a Deep diving
|x Equipment and supplies.
|
| 650 |
|
0 |
|a Deep diving
|z Italy
|z Nemi, Lake
|x History.
|
| 650 |
|
0 |
|a Excavations (Archaeology)
|z Italy.
|
| 650 |
|
0 |
|a Ships, Ancient
|z Italy
|z Nemi, Lake.
|
| 651 |
|
7 |
|a Italy
|z Lake Nemi.
|2 fast
|0 (OCoLC)fst01340425
|
| 651 |
|
7 |
|a Italy.
|2 fast
|0 (OCoLC)fst01204565
|
| 651 |
|
0 |
|a Nemi, Lake (Italy)
|x Antiquities.
|
| 655 |
|
7 |
|a History.
|2 fast
|0 (OCoLC)fst01411628
|
| 655 |
|
7 |
|a Electronic books.
|2 local
|
| 710 |
2 |
|
|a Project Muse.
|e distributor
|
| 830 |
|
0 |
|a Book collections on Project MUSE.
|
| 856 |
4 |
0 |
|z Texto completo
|u https://projectmuse.uam.elogim.com/book/49304/
|
| 945 |
|
|
|a Project MUSE - Custom Collection
|
| 945 |
|
|
|a Project MUSE - 2017 Complete
|
| 945 |
|
|
|a Project MUSE - 2017 Archaeology and Anthropology
|